Normal view
MARC view
- Wilkes, L
Entry Personal Name
001 - CONTROL NUMBER
- control field: 107361
003 - CONTROL NUMBER IDENTIFIER
- control field: NUST
005 - DATE AND TIME OF LATEST TRANSACTION
- control field: 20230123102152.0
008 - FIXED-LENGTH DATA ELEMENTS
- fixed length control field: 230123|| aca||aabn | a|a d
040 ## - CATALOGING SOURCE
- Original cataloging agency: NUST
- Transcribing agency: NUST
100 ## - HEADING--PERSONAL NAME
- Personal name: Wilkes, L
670 ## - SOURCE DATA FOUND
- Source citation: Work cat.: (NUST)185985: Wilkes, L. , Teach youself to teach / , 1945
